| 000 | 00846cam a2200265 a 4500 | ||
|---|---|---|---|
| 999 |
_c9642 _d9642 |
||
| 001 | 9642 | ||
| 003 | BD-JhCC | ||
| 005 | 20180321163012.0 | ||
| 008 | 180321s19741964nyu d 000 0 eng | ||
| 020 | _a9780199696123 (hardback) | ||
| 035 | _a(BD-JhCC)9642 | ||
| 040 |
_aDLC _cDLC _dDLC _dBD-JhCC |
||
| 041 | _aeng | ||
| 050 | 0 | 0 |
_aPE1628 _b.F6 1964 |
| 082 | 0 | 0 |
_a423 _223 _bFOW 1964 |
| 100 | 1 |
_aFowler, H. W. _q(Henry Watson), _d1858-1933. |
|
| 245 | 0 | 4 |
_aThe concise Oxford dictionary of current English / _cH. W. and F. G. Fowler ; with an introduction by David Crystal. |
| 250 | _a5th ed. | ||
| 260 |
_aOxford ; _aNew York, NY : _bOxford University Press, _c1968. |
||
| 300 |
_a1561p. : _c20 cm. |
||
| 650 | 0 |
_aEnglish language _vDictionaries. |
|
| 700 | 1 |
_aFowler, F. G. _q(Francis George), _d1870-1918. |
|
| 942 |
_2ddc _cBK |
||